MARC details
| 000 -LEADER |
| fixed length control field |
01439cam a22003614a 4500 |
| 001 - CONTROL NUMBER |
| control field |
11950632 |
| 003 - CONTROL NUMBER IDENTIFIER |
| control field |
GZU |
| 005 - DATE AND TIME OF LATEST TRANSACTION |
| control field |
20241211080246.0 |
| 008 - FIXED-LENGTH DATA ELEMENTS--GENERAL INFORMATION |
| fixed length control field |
000323s1998 enka b 000 0 eng |
| 010 ## - LIBRARY OF CONGRESS CONTROL NUMBER |
| LC control number |
00302569 |
| 020 ## - INTERNATIONAL STANDARD BOOK NUMBER |
| International Standard Book Number |
185339422X |
| 022 ## - INTERNATIONAL STANDARD SERIAL NUMBER |
| International Standard Serial Number |
. |
| 040 ## - CATALOGING SOURCE |
| Original cataloging agency |
DLC |
| Transcribing agency |
DLC |
| Modifying agency |
DLC |
| 042 ## - AUTHENTICATION CODE |
| Authentication code |
pcc |
| 043 ## - GEOGRAPHIC AREA CODE |
| Geographic area code |
a-cc--- |
| 050 00 - LIBRARY OF CONGRESS CALL NUMBER |
| Classification number |
T173.8 |
| Item number |
.PIE 1998 |
| 100 1# - MAIN ENTRY--PERSONAL NAME |
| Personal name |
Piek, Hannah. |
| Relator term |
author |
| 245 10 - TITLE STATEMENT |
| Title |
Technology development in rural industries : |
| Remainder of title |
a study of China's collectives / |
| Statement of responsibility, etc. |
Hannah Piek. |
| 260 ## - PUBLICATION, DISTRIBUTION, ETC. |
| Place of publication, distribution, etc. |
London : |
| Name of publisher, distributor, etc. |
Intermediate Technology Publications and Thela Publishers, |
| Date of publication, distribution, etc. |
1998. |
| 300 ## - PHYSICAL DESCRIPTION |
| Extent |
273 p. : |
| Other physical details |
ill. ; |
| Dimensions |
24 cm. |
| 504 ## - BIBLIOGRAPHY, ETC. NOTE |
| Bibliography, etc. note |
Includes bibliographical references (p. [265]-273). |
| 505 ## - FORMATTED CONTENTS NOTE |
| Formatted contents note |
. |
| 520 ## - SUMMARY, ETC. |
| Summary, etc. |
. |
| 650 #0 - SUBJECT ADDED ENTRY--TOPICAL TERM |
| Topical term or geographic name entry element |
Technological innovations |
| Geographic subdivision |
China |
| -- |
Sichuan Sheng. |
| 650 #0 - SUBJECT ADDED ENTRY--TOPICAL TERM |
| Topical term or geographic name entry element |
Rural industries |
| Geographic subdivision |
China |
| -- |
Sichuan Sheng. |
| 650 #0 - SUBJECT ADDED ENTRY--TOPICAL TERM |
| Topical term or geographic name entry element |
Small business |
| Geographic subdivision |
China |
| -- |
Sichuan Sheng. |
| 856 42 - ELECTRONIC LOCATION AND ACCESS |
| Materials specified |
Publisher description |
| Uniform Resource Identifier |
<a href="http://www.loc.gov/catdir/enhancements/fy1115/00302569-d.html">http://www.loc.gov/catdir/enhancements/fy1115/00302569-d.html</a> |
| 856 41 - ELECTRONIC LOCATION AND ACCESS |
| Materials specified |
Table of contents only |
| Uniform Resource Identifier |
<a href="http://www.loc.gov/catdir/enhancements/fy1115/00302569-t.html">http://www.loc.gov/catdir/enhancements/fy1115/00302569-t.html</a> |
| 856 42 - ELECTRONIC LOCATION AND ACCESS |
| Materials specified |
Contributor biographical information |
| Uniform Resource Identifier |
<a href="http://www.loc.gov/catdir/enhancements/fy1207/00302569-b.html">http://www.loc.gov/catdir/enhancements/fy1207/00302569-b.html</a> |
| 906 ## - LOCAL DATA ELEMENT F, LDF (RLIN) |
| a |
7 |
| b |
cbc |
| c |
orignew |
| d |
3 |
| e |
ncip |
| f |
20 |
| g |
y-gencatlg |
| 942 ## - ADDED ENTRY ELEMENTS (KOHA) |
| Source of classification or shelving scheme |
Library of Congress Classification |
| Koha item type |
Books |
| Classification part |
173.8 |
| Item part |
PIE |
| Call number prefix |
T |